Mi corazón dice No: movimiento de oposición al TLC en Costa Rica (Registro nro. 11263)
[ vista simple ]
| 000 -CABECERA | |
|---|---|
| campo de control de longitud fija | 00860nam a22002897a 4500 |
| 005 - FECHA Y HORA DE ACTUALIZACIÓN | |
| campo de control | 20181019104940.0 |
| 008 - LONGITUD FIJA | |
| campo de control de longitud fija | 181019b xxu||||| |||| 00| 0 spa d |
| 020 ## - INTERNATIONAL STANDARD BOOK NUMBER | |
| Número Internacional Estándar del Libro | 9789968466752 |
| 041 ## - IDIOMA | |
| Código de idioma del texto/pista de sonido o título separado | |
| 082 ## - CLASIFICACIÓN DECIMAL DEWEY | |
| Número de clasificación | 382.972.073 R254m |
| 100 ## - AUTOR PERSONAL | |
| Nombre de persona | Raventós Vorst, Ciska |
| 245 ## - TÍTULO PROPIAMENTE DICHO | |
| Título | Mi corazón dice No: movimiento de oposición al TLC en Costa Rica |
| 260 ## - PIE DE IMPRENTA | |
| Lugar de publicación, distribución, etc. | Costa Rica |
| 260 ## - PIE DE IMPRENTA | |
| Nombre del editor, distribuidor, etc. | EUCR |
| 260 ## - PIE DE IMPRENTA | |
| Fecha de publicación, distribución, etc. | 2018 |
| 300 ## - DESCRIPCIÓN FÍSICA | |
| Extensión | 208 páginas |
| 650 ## - Materia General | |
| Materia general | COSTA RICA |
| 650 ## - Materia General | |
| Materia general | TRATADOS COMERCIALES |
| 650 ## - Materia General | |
| Materia general | TRATADO DE LIBRE COMERCIO |
| 650 ## - Materia General | |
| Materia general | PARTICIPACIÓN CIUDADANA |
| 650 ## - Materia General | |
| Materia general | AMÉRICA CENTRAL |
| 650 ## - Materia General | |
| Materia general | MOVIMIENTOS DE PROTESTA |
| 650 ## - Materia General | |
| Materia general | ESTADOS UNIDOS |
| 650 ## - Materia General | |
| Materia general | MOVIMIENTOS SOCIALES |
| 650 ## - Materia General | |
| Materia general | COMITÉS PATRIÓTICOS |
| 942 ## - Punto de Acceso Adicional Koha | |
| Tipo de ítem Koha | Libro |
| Estado perdido | Estado dañado | No para préstamo | Biblioteca permanente | Biblioteca actual | Signatura completa | Código de barras | Precio efectivo a partir del | Tipo de ítem |
|---|---|---|---|---|---|---|---|---|
| Departamento de Biblioteca y Documentación Alfonso Chase Brenes | Departamento de Biblioteca y Documentación Alfonso Chase Brenes | 382.972.073 R254m | 23654 | 19/10/2018 | Libro |